| 000 | 00876cam a22002055a 4500 | ||
|---|---|---|---|
| 001 | L150071 | ||
| 008 | 100528e20100925xxkdo f 000 0 eng d | ||
| 035 | _a(Sirsi) u150071 | ||
| 041 | 0 | _aeng | |
| 100 | 1 | _aShepherd, Mark | |
| 245 | 0 | 0 |
_aMarkets _bManchester |
| 260 | _c2010 | ||
| 490 | 0 |
_aProperty Week _v76(19) 17 May 2010, 53-66(5) |
|
| 520 | _aTop architect Rafael Vinoly may be signed up to design a £1bn sports and leisure centre around the City of Manchester Stadium. The Manchester Office sector saw a strong finish to 2009 but only a muted Q1 2010, 19% below the five-year quarterly average. Soaring vacancy rates' problem inherited by Segro after acquiring 30 acres of assets at Trafford Park from Brixton. | ||
| 590 | _aKA | ||
| 651 | 4 | _aManchester | |
| 690 | _aPROPERTY-COMMERCIAL PROPERTY-COMMERCIAL PROPERTY MARKET | ||
| 700 | 1 | _aWard, Ian | |
| 942 | _n0 | ||
| 999 |
_c82383 _d82383 |
||